000 00922nab a2200265 u 4500
001 20836
003 HDC
007 cr bn ---aaaaa
008 210306c20100927xx dr|noo 0 a eng d
040 _aHDC
100 _aPoulter, Sean
_eauthor
_918690
245 0 _aUK: How 70% of New Zealand lamb imports to Britain are halal... but this is NOT put on the label / by
_cSean Poulter
260 _a[No place] :
_b[publisher not identified],
_c2010
300 _a1 online resource
336 _atext
_2rdacontent
337 _acomputer
_2rdamedia
338 _aonline resource
_2rdacarrier
650 _aHalal meat
_91025
650 _ameat industry
_92353
710 _aDaily Mail
856 _zRequest full-text at [email protected]
942 _2lcc
942 _cNEWS
942 _kNWSO 006464
999 _c18152
_d18152